000 00540nam a22002057a 4500
003 Ost
005 20260318031150.0
008 260318b |||||||| |||| 00| 0 eng d
020 _a9781260454240
040 _cBT-PhCST
050 _a25828-25829
082 _222
_a621.38223
_bHSU
100 _a Hsu, Hwei P.
245 _aSchaum's outlines signals and systems /
250 _a4th ed.
260 _aIndia :
_bMcGraw Hill Education,
_cc2020.
300 _ax, 514 p. :
_bill. ;
_c28 cm.
500 _aIncludes Index.
942 _2ddc
_cECE
999 _c10219
_d10219